000 00536ngm a2200193 i 4500
001 C2-0324920
003 PPAK
005 20180727222057.0
008 140105s2008 my |||| ||||| | vltha d
040 _aPPAK
_beng
_cPPAK
_erda
245 1 0 _aLong Khong 2 :
_bart of the devil 3
264 1 _aKuala Lumpur :
_bDragon Jester Entertainment ,
_c2008
336 _2rdacontent
_atext
337 _2rdamedia
_aunmediated
338 _2rdacarrier
_avolume
700 _eauthor
700 0 _aPasith Buranachan,
_ecompile
942 _2ddc
_cDVD
999 _c167541
_d167541